Análisis y control del rendimiento deportivo
Guardat en:
| Autors principals: | , |
|---|---|
| Format: | Llibre |
| Idioma: | espanyol |
| Publicat: |
Barcelona
Paidotribo
2003
|
| Matèries: | |
| Etiquetes: |
Afegir etiqueta
Sense etiquetes, Sigues el primer a etiquetar aquest registre!
|
MARC
| LEADER | 00000nam a2200000 a 4500 | ||
|---|---|---|---|
| 001 | UCL6427 | ||
| 003 | CL-VaPUC | ||
| 008 | 040402e20030000SP |||||||||||||||||spa|d | ||
| 020 | |a 8480197188 | ||
| 082 | 0 | 4 | |a 613.7 |b VIR |2 21 |
| 100 | 0 | |a Viru, Atko |e author |9 484126 | |
| 700 | 0 | |a Viru, Mehis |e author |9 484127 | |
| 245 | 1 | 0 | |a Análisis y control del rendimiento deportivo |
| 300 | |a 286 p | ||
| 942 | |c BK | ||
| 945 | |d 20040402 00:00:00 |a cmena | ||
| 260 | |a Barcelona |b Paidotribo |c 2003 | ||
| 650 | 7 | |a RENDIMIENTO DEPORTIVO |2 CL-VaPUC |9 432769 | |
| 650 | 7 | |a ENTRENAMIENTO ATLETICO |2 CL-VaPUC |9 484128 | |
| 583 | |a last modification |c 20040402 00:00:00 |k Rodrigo Vera | ||
| 999 | |c 308535 |d 308533 | ||
| 952 | |0 0 |1 0 |4 0 |6 613_700000000000000_VIR_2003 |7 0 |8 A |9 375120 |a BIBEDU |b BIBEDU |d 2019-11-21 |i 4003365 |o 613.7 VIR 2003 |p 4003365 |r 2019-11-21 |w 2019-11-21 |y BK |k EFI | ||
| 952 | |0 0 |1 0 |4 0 |6 613_700000000000000_VIR_2003 |7 0 |8 C |9 375121 |a BIBCUR |b BIBCUR |d 2019-11-21 |i 4708571 |o 613.7 VIR 2003 |p 4708571 |r 2025-04-22 |w 2019-11-21 |y BK |k DEN | ||